Noise control of hydraulic machinery / (Record no. 11843)

MARC details
000 -LEADER
fixed length control field 00843cam a2200241 a 4500
001 - CONTROL NUMBER
control field 1491905
005 - DATE AND TIME OF LATEST TRANSACTION
control field 19890717144349.9
008 - FIXED-LENGTH DATA ELEMENTS--GENERAL INFORMATION
fixed length control field 880308s1988 nyua b 001 0 eng
010 ## - LIBRARY OF CONGRESS CONTROL NUMBER
LC control number 88007084
020 ## - INTERNATIONAL STANDARD BOOK NUMBER
International Standard Book Number 0824779347
040 ## - CATALOGING SOURCE
Original cataloging agency DLC
Transcribing agency DLC
Modifying agency DLC
050 00 - LIBRARY OF CONGRESS CALL NUMBER
Classification number TJ840
Item number .S596 1988
082 00 - DEWEY DECIMAL CLASSIFICATION NUMBER
Classification number 621.26
Edition number 19
Item number SKA
100 1# - MAIN ENTRY--PERSONAL NAME
Personal name Skaistis, Stan,
Dates associated with a name 1920-
9 (RLIN) 6207
245 10 - TITLE STATEMENT
Title Noise control of hydraulic machinery /
Statement of responsibility, etc Stan Skaistis.
260 ## - PUBLICATION, DISTRIBUTION, ETC. (IMPRINT)
Place of publication, distribution, etc New York :
Name of publisher, distributor, etc M. Dekker,
Date of publication, distribution, etc c1988.
300 ## - PHYSICAL DESCRIPTION
Extent vii, 324 p. :
Other physical details ill. ;
Dimensions 24 cm.
440 #0 -
-- Fluid power and control ;
-- 8
-- 6208
504 ## - BIBLIOGRAPHY, ETC. NOTE
Bibliography, etc Includes bibliographies and index.
650 #0 - SUBJECT ADDED ENTRY--TOPICAL TERM
Topical term or geographic name as entry element Hydraulic machinery
General subdivision Noise.
9 (RLIN) 6209
942 ## - ADDED ENTRY ELEMENTS (KOHA)
Source of classification or shelving scheme Dewey Decimal Classification
Item type Book - Borrowing
Holdings
Withdrawn status Item status Source of classification or shelving scheme Damaged status Not for loan Vendor Home library Current library Shelving location Date acquired Source of acquisition Cost, normal purchase price Total Checkouts Total Renewals Full call number Barcode Date last seen Date last borrowed Koha item type
    Dewey Decimal Classification     Alef-Baa Central Library Central Library First floor 16/06/2009   150.00 1 6 621.26 SKA 000016869 15/07/2025 15/12/2014 Book - Borrowing